| 000 | 01320nam a2200313 i 4500 | ||
|---|---|---|---|
| 001 | 197760 | ||
| 003 | SpMaBN | ||
| 005 | 20250910063136.0 | ||
| 008 | 250722s2024 sp |||||| 000 | spa| | ||
| 017 |
_aM 26543-2024 _bOficina Depósito Legal Madrid |
||
| 020 | _a9791387507022 | ||
| 040 |
_aSpMaBN _bspa _cSpMaBN _erda |
||
| 100 | 1 |
_9175800 _aOthman-Bentria Ramos, Farid, _d1979- _eaut |
|
| 245 | 1 | 0 |
_aCartas a Soufiane: _bun grito por Gaza / _cFarid Othman-Bentria Ramos ; ilustraciones de Susana Román Jiménez. |
| 250 | _aPrimera edición, diciembre 2024. | ||
| 260 |
_aMadrid : _bDiwan Mayrit, _c2024. |
||
| 300 |
_a70 páginas ; _c19 cm. |
||
| 336 |
_aTexto _2rdacontent |
||
| 337 |
_asin mediación _2rdamedia |
||
| 338 |
_avolumen _2rdacarrier |
||
| 655 | 7 |
_2tgfbne _9176539 _aPoesías |
|
| 700 | 1 |
_aRomán Jiménez, Susana _eill _9242227 |
|
| 852 |
_aES-MaACL _cDEPOJ _jN-10648 _gDedicatoria autógrafa del autor _hDonación: Farid Othman-Bentria Ramos _xEncuadernación rústica _zEn Proceso _9206771 |
||
| 903 |
_9175800 _aOthman-Bentria Ramos, Farid, _d1979- _ednr |
||
| 942 |
_cMONOGRAFIA _n0 |
||
| 999 |
_c197760 _d197760 |
||